| 000 | 00882nam a22002414a 4500 | ||
|---|---|---|---|
| 005 | 20080729164931.0 | ||
| 008 | 080416s2008 waua 001 0 eng | ||
| 010 | _aENG-91455 | ||
| 020 |
_a9788131304778 _c250.00 |
||
| 035 | _aEN-74988 | ||
| 037 | _bDBAD / PUB | ||
| 040 |
_aDPL _bEnglish |
||
| 082 | _a363.73 | ||
| 100 | _aSrivastava, Yogendra N. | ||
| 245 |
_aEnvironmental pollution / _cby Yogendra N. Srivastava |
||
| 260 |
_aNew Delhi _bAPH Publishing _c2009 |
||
| 270 |
_a4435-36/7, Ansari Road, Daryaganj, _bNew Delhi _e110002 |
||
| 300 |
_avii, 84p. _c23 cm (Hb) |
||
| 500 | _aIncludes index | ||
| 650 | _aEnvironmental pollution | ||
| 942 |
_2ddc _cEN _mSRI _h363.73 |
||
| 999 |
_c17410 _d17410 |
||